Ancient civilization / (Record no. 22007)

000 -LEADER
fixed length control field 00446nam a22001697a 4500
003 - CONTROL NUMBER IDENTIFIER
control field OSt
005 - DATE AND TIME OF LATEST TRANSACTION
control field 20260127104950.0
008 - FIXED-LENGTH DATA ELEMENTS--GENERAL INFORMATION
fixed length control field 260127t2000 xxua|||| |||| 00| 0 eng d
020 ## - INTERNATIONAL STANDARD BOOK NUMBER
International Standard Book Number 9780753407943
040 ## - CATALOGING SOURCE
Transcribing agency csu
082 ## - DEWEY DECIMAL CLASSIFICATION NUMBER
Classification number 930
Item number M1817 2000
100 ## - MAIN ENTRY--PERSONAL NAME
Personal name Madgwick, Wendy,
Relator term author.
245 ## - TITLE STATEMENT
Title Ancient civilization /
Statement of responsibility, etc Wendy Madgwick.
260 ## - PUBLICATION, DISTRIBUTION, ETC. (IMPRINT)
Place of publication, distribution, etc China:
Name of publisher, distributor, etc Grolier,
Date of publication, distribution, etc c2000.
300 ## - PHYSICAL DESCRIPTION
Extent 39 pages:
Other physical details color illustrations.
942 ## - ADDED ENTRY ELEMENTS (KOHA)
Source of classification or shelving scheme
Koha item type Books
Holdings
Price effective from Permanent Location Date last seen Not for loan Date acquired Source of classification or shelving scheme Koha item type Lost status Withdrawn status Copy number Source of acquisition Collection code Damaged status Barcode Shelving location Current Location Full call number
2026-01-27Cagayan State University - Carig Library2026-01-27 2026-01-27 Books  1DonationChildren Section C000523Children SectionCagayan State University - Carig LibraryCS 930 C523 M1817 2000

Cagayan State University University Library, Carig Campus
Tuguegarao City, Cagayan 3500 | www.csucarig.edu.ph

Powered by Koha